[Event "GEO chT Clubs 2017"]
[Site "Tbilisi"]
[Date "2017.11.29"]
[Round "2"]
[White "Khomeriki, Nino"]
[Black "Janiashvili, Mariami"]
[Result "0-1"]
[WhiteElo "2347"]
[BlackElo "1995"]
[Annotator "TA"]
[PlyCount "98"]
[EventDate "2017.??.??"]
[EventCountry "GEO"]
[SourceTitle "playchess.com"]
[Source "ChessBase"]
[SourceQuality "1"]

{[%evp 11,98,12,12,8,34,21,25,14,12,20,30,29,50,22,116,91,87,67,69,58,61,49,55,21,70,59,78,-2,-16,-10,10,-172,-166,-160,-168,-253,-240,-247,-168,-251,-268,-248,-250,-269,-260,-291,-291,-300,-285,-289,-143,-211,-222,-245,-294,-275,-293,-305,-291,-457,-323,-439,-399,-612,-574,-599,-586,-718,-712,-879,-871,-871,-861,-837,-819,-867,-851,-847,-771,-1446,-1256,-2118,-1868,-6183,-4756,-6287,-5573,-29984,-29985]} 1. Nf3 d5 2. g3 Bg4 3. Bg2 c6 4. d3 Nf6 5. Nbd2 Nbd7 6. O-O Qc7 {LiveBook: 3 Games. A07: Réti Opening: New York and Capablanca Systems} (6... e5 7. h3 Bh5 8. Qe1 Bc5 9. e4 O-O 10. Nb3 Bb6 11. Nh4 Re8 12. a4 a5 13. Bg5 dxe4 14. dxe4 Nc5 15. Nxc5 Bxc5 {½-½ (72) Almasi,Z (2702)-Wojtaszek,R (2746) Germany 2016}) 7. h3 Bxf3 8. Nxf3 e5 $146 {The position is equal.} ({Predecessor:} 8... e6 9. c3 Be7 10. Qc2 O-O 11. e4 Rfd8 12. Re1 dxe4 13. dxe4 e5 14. Bd2 {1-0 (38) Schnegelsberg,K-Schlapp,T Doernigheim 1994}) 9. e4 dxe4 10. dxe4 Bc5 11. Qe2 h6 12. Bd2 g5 (12... O-O $11) 13. a4 a5 14. c3 Nh5 {[%cal Bf6h5,Bh5g7,Bg7e6,Be6c5,Bc5b3][%mdl 32] Strongly threatening ...Nxg3.} 15. Kh1 Ng7 16. Rfd1 Ne6 17. Be3 Qb6 18. Bxc5 Nexc5 19. Rd6 ({Better is} 19. Nd2 $16) 19... O-O-O $11 20. Rad1 f6 21. Qc2 $2 {[#]} (21. h4 $11) 21... Qb3 $1 $19 {[%cal Rb3c2]} 22. Qxb3 Nxb3 23. Nh2 (23. Nd2 $142 Nxd2 24. R1xd2) 23... Ndc5 24. Bf3 Nxa4 {Hoping for ...Rxd6.} 25. Rxf6 (25. Bg4+ {is a better defense.} Kc7 26. Rxf6) 25... Nxb2 26. Rb1 Rd2 27. Nf1 Rc2 28. Ne3 Rc1+ 29. Rxc1 Nxc1 30. Nc2 h5 (30... Kc7 $19 {has better winning chances.} 31. Kg2 Na2) 31. Kg2 (31. Rf5 $17) 31... Nc4 32. Rf5 {[#]} Rd8 $1 33. Bxh5 Rd2 34. Rf8+ Kc7 35. Na1 (35. Bf7 {was worth a try.} Rxc2 36. Bxc4) 35... Nd6 36. Bg6 {and the idea h4 leaves White hopeful.} Ra2 37. h4 (37. Nb3 $142 Nxb3 38. h4 gxh4 39. gxh4) 37... gxh4 ({Don't go for} 37... Rxa1 $2 38. h5 $18) 38. gxh4 Rxa1 39. h5 {And now h6 would win.} Ne2 40. h6 Rg1+ 41. Kf3 Rxg6 42. h7 Rh6 43. h8=Q Rxh8 44. Rxh8 Nxc3 45. Rh5 Nc4 46. Rh1 b5 {[%cal Bb7b5,Bb5b4,Bb4b3][%mdl 32]} 47. Re1 b4 48. Kg4 b3 49. f4 exf4 {Precision: White = 21%, Black = 61%.} 0-1

[Event "GEO chT Clubs 2017"]
[Site "Tbilisi"]
[Date "2017.11.29"]
[Round "2"]
[White "Lomsadze, Davit"]
[Black "Kekelidze, Mikheil"]
[Result "0-1"]
[WhiteElo "2332"]
[BlackElo "2367"]
[Annotator "TA"]
[PlyCount "82"]
[EventDate "2017.??.??"]
[EventCountry "GEO"]
[SourceTitle "playchess.com"]
[Source "ChessBase"]
[SourceQuality "1"]

{[%evp 15,82,-8,0,-149,-167,-172,-173,-175,-193,-194,-185,-226,-179,-178,-179,-151,-151,-162,-162,-164,-159,-155,-153,-146,-143,-149,-155,-132,-117,-147,-158,-134,-177,-242,-251,-235,-190,-206,-189,-203,-120,-344,-337,-320,-120,-450,-434,-549,-535,-533,-533,-535,-543,-535,-535,-619,-619,-619,-619,-593,-563,-619,-619,-787,-782,-780,-773,-770,-707]} 1. g3 c5 2. Bg2 Nc6 3. c4 g6 4. Nc3 Bg7 5. Rb1 b6 (5... e6 6. a3 a5 7. e4 Nge7 8. Nge2 O-O 9. O-O d6 10. d3 b6 11. Be3 Bb7 12. d4 a4 13. d5 Ne5 14. dxe6 fxe6 15. Nf4 Bc8 16. Qe2 N7c6 17. Nb5 Qe7 18. Rfd1 {½-½ (44) Ding,L (2781)-Le,Q (2726) Danzhou 2017}) 6. a3 {A36: Symmetrical English vs ...g6: 4 Bg2 Bg7} Bb7 7. b4 cxb4 8. axb4 Qc8 {LiveBook: 5 Games} 9. c5 {[#]} (9. e4 $11 {keeps the balance.}) 9... Nxb4 $1 $17 {[%mdl 512]} 10. Bxb7 (10. Rxb4 Bxg2) 10... Qxb7 11. Nf3 bxc5 12. O-O a5 $1 13. Na4 $146 ({Predecessor:} 13. d4 cxd4 14. Nxd4 {0-1 (32) Higatsberger,M (2200)-Petran,P (2415) Budapest 1991}) 13... Rc8 14. d4 cxd4 15. Nxd4 Nf6 16. Nb3 Qb5 17. Nxa5 Qxa5 18. Bd2 {[#]} Rb8 $1 {aiming for ...Nfd5.} 19. Qb3 O-O 20. Bxb4 Qh5 21. Qd3 d6 {[%cal Bd7d6,Bd6d5][%mdl 32]} 22. Bd2 Ng4 $40 {[%csl Gg4][%cal Rh5h2][%mdl 128] Black goes for the king.} 23. h4 Ne5 24. Qe4 {[#]} (24. Qa6 $142) 24... d5 $1 $19 {[%cal Rd5e4][%mdl 512]} 25. Qe3 (25. Qxd5 Rbd8) 25... Qg4 26. Bc3 {[#] Hoping for Rxb8.} d4 $1 {[%mdl 512]} 27. Qxd4 {[#]} (27. Bxd4 Nc4) 27... Qxe2 (27... Rxb1 $1 $19 28. Rxb1 Qxe2) 28. Qf4 $2 (28. Qd1 $17 Qe4 29. Bxe5 Rxb1 30. Qxb1 Qxe5 31. Nb6) 28... Rxb1 29. Rxb1 Nd3 $2 (29... Rc8 $19 {and Black stays clearly on top. Threatens to win with ...h5.} 30. Qe3 Qc2) 30. Qe3 $2 {[%mdl 8192]} (30. Qd2 $17 {nothing else works.} Qe4 31. Rf1) 30... Qc2 {Black is clearly winning.} 31. Rf1 Bxc3 32. Nxc3 Qxc3 33. Rd1 Rd8 34. Qxe7 Qd4 35. Rd2 h5 36. Kh2 Kg7 37. Qe2 Rd6 38. f4 Qd5 39. Qe3 Qf5 40. Kg1 Rd5 41. Kh2 Kh7 {Precision: White = 45%, Black = 62%.} 0-1

[Event "GEO chT Clubs 2017"]
[Site "Tbilisi"]
[Date "2017.11.30"]
[Round "2"]
[White "Lomsadze, Davit"]
[Black "Sibashvili, Giorgi"]
[Result "0-1"]
[WhiteElo "2332"]
[BlackElo "2412"]
[Annotator "TA"]
[PlyCount "72"]
[EventDate "2017.??.??"]
[EventCountry "GEO"]
[SourceTitle "playchess.com"]
[Source "ChessBase"]
[SourceQuality "1"]

{[%evp 12,72,10,-24,-4,-1,-3,-8,0,-16,-15,-54,-13,-5,-8,-3,-15,-16,11,-7,0,-27,-24,-40,-31,-30,-30,-58,14,5,13,25,12,0,0,-49,-28,-157,-190,-407,-353,-425,-421,-413,-403,-421,-403,-493,-475,-546,-569,-943,-421,-391,-397,-391,-393,-381,-356,-6287,-6323,-5365,-5185]} 1. g3 c5 2. Bg2 g6 3. Nf3 Bg7 4. O-O Nc6 5. d3 Nf6 6. Nc3 O-O 7. a3 {LiveBook: 13 Games} b6 {[%cal Bb7b6,Bb6b5][%mdl 32] A05: Réti Opening: 1 Nf3 Nf6} (7... d5 8. Rb1 b6 9. b4 cxb4 10. axb4 Bb7 11. b5 Nb8 12. Na2 Nfd7 13. Bb2 Bxb2 14. Rxb2 a5 15. bxa6 Nxa6 16. d4 {½-½ (46) Zhao,J (2578)-Swiercz,D (2616) Doha 2014}) 8. Rb1 Bb7 9. b4 d6 {The position is equal.} 10. Bd2 $146 ({Predecessor:} 10. bxc5 dxc5 11. Na4 Nd4 12. Nxd4 Bxg2 13. Ne6 Qe8 14. Kxg2 Qc6+ 15. Kg1 Qxe6 {½-½ (35) Frias Pablaza,V (2515)-Donaldson,J (2430) San Francisco 1997}) 10... Rc8 11. Na4 cxb4 12. axb4 b5 13. Nc3 {[%cal Ba4c3,Bc3d5,Bd5f4][%mdl 32]} a6 $1 14. e4 Nd7 15. Nd5 e6 16. Nf4 Nb6 17. h4 e5 18. Ne2 d5 19. Ng5 Nd4 (19... Ne7 $15 20. exd5 Bxd5) 20. Nxd4 $11 exd4 21. e5 Bxe5 22. f4 Bg7 23. h5 h6 $36 {[%mdl 2048] Black has some pressure.} 24. Nxf7 (24. Nf3 $11) 24... Kxf7 $17 25. f5 $2 {[#]} (25. hxg6+ {might work better.} Kxg6 26. f5+ Kh7 27. Qh5) 25... gxf5 26. Bh3 Kg8 27. Bxf5 Rc6 28. Bg6 Rcf6 29. Bf4 Nc8 30. Qg4 Ne7 31. Bxh6 Nxg6 (31... Bxh6 $142 32. Be4+ Kh8 33. Rxf6 Rxf6) 32. Bxg7 $19 Kxg7 33. hxg6 Rxg6 34. Qxd4+ Rff6 35. Rbe1 $2 {[#]} (35. Rxf6 Qxf6 36. Qxf6+ Kxf6 37. Kf2) 35... Rxg3+ 36. Kh2 Rgg6 {Precision: White = 16%, Black = 62%.} 0-1

[Event "GEO chT Clubs 2017"]
[Site "Tbilisi"]
[Date "2017.11.29"]
[Round "2"]
[White "Mgeladze, Tamaz"]
[Black "Khvadagiani, Nika"]
[Result "1-0"]
[WhiteElo "2303"]
[BlackElo "2001"]
[Annotator "RC"]
[PlyCount "137"]
[EventDate "2017.??.??"]
[EventCountry "GEO"]
[SourceTitle "playchess.com"]
[Source "ChessBase"]
[SourceQuality "1"]

1. c4 Nf6 2. g3 g6 3. Bg2 d6 4. Nc3 Bg7 5. Nf3 O-O 6. O-O Nbd7 7. d3 c6 8. Rb1 e5 9. b4 d5 10. b5 Re8 11. bxc6 bxc6 12. Nd2 Nf8 13. Qa4 Bd7 14. Qa6 Ne6 15. cxd5 cxd5 16. Nxd5 Nxd5 17. Bxd5 Nc7 18. Qc4 Nxd5 19. Qxd5 Qc8 20. Ne4 Be6 21. Qa5 Qc2 22. Rb2 Qc6 23. Be3 f5 24. Rc1 Qd5 25. Rc5 Qd8 26. Ng5 f4 27. Nxe6 Rxe6 28. Bd2 e4 29. Rb7 fxg3 30. hxg3 exd3 31. Qxd8+ Rxd8 32. exd3 Bd4 33. Rcc7 Re2 34. Be3 Bxe3 35. fxe3 Rxe3 36. Rg7+ Kf8 37. Rxh7 Kg8 38. Rbg7+ Kf8 39. Rxa7 Kg8 40. Rhg7+ Kf8 41. Rxg6 Rdxd3 42. Kg2 Ra3 43. Rf6+ Kg8 44. Rxa3 Rxa3 45. Rf2 Kg7 46. g4 Kg6 47. Kf1 Kg5 48. Rg2 Re3 49. Kf2 Re8 50. Kf3 Re1 51. Rf2 Rc1 52. Rg2 Re1 53. Rd2 Rf1+ 54. Ke4 Re1+ 55. Kd5 Kxg4 56. a4 Ra1 57. Rd4+ Kf5 58. Kd6 Ra2 59. Rd5+ Kf6 60. a5 Ra1 61. Kd7 Ra2 62. Rd6+ Kf7 63. a6 Ra1 64. Kd8 Ra2 65. Rd7+ Kf8 66. a7 Ra1 67. Rb7 Ra2 68. Kc7 Ke7 69. Kb8+ 1-0

[Event "GEO chT Clubs 2017"]
[Site "Tbilisi"]
[Date "2017.11.29"]
[Round "2"]
[White "Tsatsalashvili, Keti"]
[Black "Khotenashvili, Bela"]
[Result "0-1"]
[WhiteElo "2301"]
[BlackElo "2455"]
[Annotator "TA"]
[PlyCount "86"]
[EventDate "2017.??.??"]
[EventCountry "GEO"]
[SourceTitle "playchess.com"]
[Source "ChessBase"]
[SourceQuality "1"]

{[%evp 19,86,25,35,35,41,39,47,43,67,27,27,33,20,27,35,0,16,-14,0,-46,-58,-50,0,0,0,0,0,0,0,0,0,0,0,0,0,0,0,-45,-50,-47,-51,-22,-20,-47,-43,-92,-88,-241,-241,-247,-243,-252,-195,-206,-197,-218,-127,-256,-146,-488,-485,-659,-656,-645,-635,-1476,-1402,-1596,-1570]} 1. d4 Nf6 2. c4 g6 3. Nc3 d5 4. cxd5 Nxd5 5. e4 Nxc3 6. bxc3 Bg7 7. Nf3 c5 8. Rb1 O-O 9. Be2 b6 10. O-O Qc7 {LiveBook: 97 Partien} 11. Qd2 {D85: Grünfeldindisch (Abtauschvariante, 7.Sf3 bzw nicht 7.Lc4)} (11. Be3 Bb7 12. Bd3 Nd7 13. e5 Bd5 14. Ng5 Bxa2 15. Ra1 Bd5 16. Qg4 c4 17. Bc2 Qc6 18. Qh4 h6 19. Nh3 Bxg2 {1-0 (58) Perez Ponsa,F (2577)-Howell,D (2685) Gibraltar 2016}) 11... Rd8 12. d5 $146 ({Vorgänger:} 12. Qe3 Nd7 13. Bb2 e5 14. d5 f5 15. exf5 gxf5 16. d6 Qxd6 17. Bc4+ Kf8 18. Ng5 Bh6 19. Rbd1 Qg6 20. Ne6+ Qxe6 21. Bxe6 Bxe3 22. fxe3 Ke7 23. Bxf5 Ba6 24. Rfe1 Nf6 25. e4 Bc4 {½-½ (25) Popovic,D (2260)-Radovanovic,N (2092) Paracin 2012}) 12... e6 13. c4 {Weiß steht etwas besser.} exd5 14. exd5 Bg4 15. Qg5 Bf5 16. Rb3 Re8 17. Bf4 Qb7 18. Bd1 Qa6 19. Nd2 (19. Nh4 {feels hotter.} Be4 20. f3 h6 21. Qg3 Bxd5 22. Nxg6 fxg6 23. cxd5 g5 24. Re3) 19... Qxa2 20. Qg3 Nd7 21. Ra3 $1 {[%cal Ra3a2]} Qb2 22. Ba4 $36 {[%mdl 2048] Weiss drückt.} a5 23. Rb3 Qf6 24. Bg5 Qe5 25. Bf4 Qf6 26. Bg5 Qe5 27. Bf4 Qe2 28. Bc6 Ra7 29. d6 Qg4 30. Qxg4 Bxg4 31. h3 Bf5 32. Ba4 h5 33. Rxb6 $2 (33. Rc1 $17) 33... Nxb6 $19 34. Bxe8 a4 {[%cal Ba5a4,Ba4a3,Ba3a2][%mdl 32]} 35. Be3 Ra5 36. Bb5 {[#]} Nd7 $1 37. f3 {[#]} h4 (37... a3 $1 $19 {[%cal Ra3a2] zielt auf ...a2 ab.} 38. Nb3 Ra8) 38. Re1 (38. Bxd7 $17 Bxd7 39. Ne4) 38... Bc3 (38... a3 $19 39. Nb3 Ra8) 39. Bg5 $2 {[%mdl 8192]} (39. Rd1 $17 a3 40. Bxd7 Bxd7 41. Ne4) 39... a3 {Schwarz steht klar auf Gewinn.} 40. Re8+ Kg7 41. Nb3 a2 42. Re7 {[#]} Rxb5 $1 {[%mdl 512]} 43. cxb5 c4 {Precision: Weiß = 34%, Schwarz = 67%.} 0-1

[Event "GEO chT Clubs 2017"]
[Site "Tbilisi"]
[Date "2017.11.30"]
[Round "2"]
[White "Gvetadze, Sofio"]
[Black "Batsiashvili, Nino"]
[Result "0-1"]
[WhiteElo "2297"]
[BlackElo "2497"]
[Annotator "TA"]
[PlyCount "104"]
[EventDate "2017.??.??"]
[EventCountry "GEO"]
[SourceTitle "playchess.com"]
[Source "ChessBase"]
[SourceQuality "1"]

{[%evp 18,104,16,21,92,47,70,60,64,0,17,14,41,-96,-82,-147,-149,-143,-143,-150,-150,-145,-152,-146,-152,-147,-137,-167,-85,-103,-84,-84,-78,-93,-97,-111,-112,-102,-101,-188,-190,-175,-173,-369,-329,-1011,-1002,-910,-68,-54,-61,-58,-38,-45,0,-5,0,0,0,-4,0,0,0,0,0,0,0,0,0,0,12,12,50,56,52,28,32,29,31,13,17,14,20,14,13,12,22,-1044,-1030]} 1. e4 e5 2. Nf3 Nc6 3. Nc3 Nf6 4. Bb5 Nd4 5. Ba4 Bc5 6. Nxe5 O-O 7. Nd3 Bb6 8. e5 Ne8 9. Nd5 d6 10. Ne3 {LiveBook: 110 Games} f5 {C48: Four Knights: 4 Bb5, replies other than 4...Bb4} (10... c6 $11 {keeps the balance.}) (10... c6 11. O-O Bc7 12. f4 dxe5 13. Nxe5 b5 14. Bb3 Bxe5 15. fxe5 Qg5 16. e6 Bxe6 17. Bxe6 Nxe6 18. d4 Qd8 {½-½ (48) Privara,I (2523)-Reppmann,D (2590) ICCF email 2009}) 11. exf6 Qxf6 12. O-O $146 ({Predecessor:} 12. c3 Ne6 13. O-O c6 14. Ne1 Nf4 15. d4 Bd7 16. Bc2 g5 17. Nd3 Ng7 18. Ng4 Bxg4 19. Qxg4 {1-0 (27) Vazersky,K-Borisov,V corr 1993}) 12... Qg6 {White is slightly better.} 13. Kh1 (13. Ne1 $14) 13... Nf6 14. f3 Nh5 15. Qe1 (15. Nf2 $1 $14 {keeps the upper hand.}) 15... Be6 $17 16. Qh4 (16. b4 $142) 16... Rf7 17. Bb3 Bxb3 18. axb3 {[#]} Nxc2 $1 {[%mdl 512]} 19. Nxc2 {aiming for Nde1.} Qxd3 {[%cal Rd3f1]} 20. Qc4 Nf4 21. Nb4 Qg6 {[%csl Gf4][%cal Rg6g2]} 22. g3 {[#]} d5 $1 $40 {[%mdl 640] White is in trouble.} 23. Nxd5 Nxd5 24. Qxd5 c6 25. Qc4 Rd8 {[%mdl 1024] Black has strong compensation.} 26. b4 Rd4 27. Qe2 Rf8 28. b5 (28. Ra3 $17) 28... Re8 $19 29. Qd1 cxb5 30. Qb3+ $2 (30. Re1 {was necessary.}) 30... Kh8 31. Qxb5 $2 (31. Qd1 Qf5 32. Kg2) 31... a6 32. Qb3 Rd3 $2 (32... Re2 $19 {( -> ...Rh4!)} 33. Qe3 Rxe3 34. dxe3 Rc4) 33. Qd1 $1 $15 Bc5 34. Ra4 $1 b5 35. Rg4 Qf7 36. b4 Bd4 37. Rf4 Qd7 38. Re1 Rd8 39. Qe2 Bf6 40. Re4 {Intending Re8+ and mate.} Kg8 41. Re6 Rd6 42. Re4 h6 43. Kg2 Rc8 44. d4 Bxd4 45. Bf4 Rd5 46. Re7 Qf5 $1 {And now ...Rc2 would win.} 47. g4 Qg6 $1 {Strongly threatening ...Rc2.} 48. Rd1 {Hoping for Re4.} Rc2 49. Rd2 Rxd2 50. Bxd2 Rd8 51. Bf4 Bc3 52. Bc7 $2 {[%mdl 8192]} (52. Re4 $11) 52... Rd2 {Precision: White = 47%, Black = 51%.} 0-1

[Event "GEO chT Clubs 2017"]
[Site "Tbilisi"]
[Date "2017.11.29"]
[Round "2"]
[White "Gavasheli, Ana"]
[Black "Sanikidze, Salome"]
[Result "1-0"]
[WhiteElo "2246"]
[BlackElo "1876"]
[Annotator "NA RC"]
[PlyCount "73"]
[EventDate "2017.??.??"]
[EventCountry "GEO"]
[SourceTitle "playchess.com"]
[Source "ChessBase"]
[SourceQuality "1"]

{[%evp 20,58,22,28,10,16,174,115,122,132,145,154,171,134,137,141,142,137,125,103,102,55,107,101,107,103,179,189,197,188,189,198,197,197,238,225,252,217,225,204,253]} 1. c4 c6 2. e4 e5 3. Nf3 d6 4. d4 exd4 5. Nxd4 Nf6 6. Nc3 g6 {A53: Old Indian Defence without Nf3} (6... Be7 7. Be2 O-O 8. O-O Na6 9. Qc2 Re8 10. Rd1 Bf8 11. Bg5 Nc7 12. Bh4 Qe7 13. f3 Bd7 14. Bf1 {1-0 (51) Nogueiras Santiago,J (2482)-Kallio,H (2484) Havana 2004}) 7. Be2 Bg7 8. Bf4 $146 ({Predecessor:} 8. O-O O-O 9. Be3 Re8 10. Qc2 Qe7 11. Bf3 Nbd7 12. Rad1 Ne5 13. Be2 Neg4 14. Bxg4 Nxg4 15. Bf4 Be5 16. Bxe5 dxe5 17. Nf3 Nh6 18. h3 {0-1 (85) Naslund,M (2148)-Gemy Vargas,J (2330) Barcelona 2014}) 8... O-O 9. Nf3 Qb6 10. O-O Re8 11. Qc2 Na6 12. Bxd6 c5 $2 (12... Nc5 $11 {and Black has nothing to worry.}) 13. e5 Bf5 14. Qd2 Ne4 15. Nxe4 Bxe4 16. Qf4 Bxf3 17. Bxf3 ({And not} 17. gxf3 Qxb2 18. Rab1 Qxe2 $15) 17... Nc7 18. Qe4 Rad8 19. Qxb7 Bxe5 20. Bxe5 Rxe5 {[#]} 21. Qxb6 $1 axb6 22. Rad1 Rd4 $18 (22... Rxd1 $16 23. Rxd1 Ne6) 23. Rxd4 cxd4 24. Rd1 Ne6 25. Kf1 Ra5 26. a3 Ra7 27. Bd5 Rd7 28. b4 Kg7 29. a4 Kf6 30. g3 g5 31. Ke2 Ke5 32. Kd3 Ra7 33. Re1+ Kd6 34. Ra1 Ke5 35. Bxe6 fxe6 36. a5 Kd6 37. Kxd4 1-0

[Event "GEO chT Clubs 2017"]
[Site "Tbilisi"]
[Date "2017.11.30"]
[Round "2"]
[White "Ghvamberia, Nika"]
[Black "Khvadagiani, Nika"]
[Result "1-0"]
[WhiteElo "2232"]
[BlackElo "2001"]
[Annotator "TA"]
[PlyCount "81"]
[EventDate "2017.??.??"]
[EventCountry "GEO"]
[SourceTitle "playchess.com"]
[Source "ChessBase"]
[SourceQuality "1"]

{[%evp 25,81,31,60,65,83,45,54,65,129,33,33,35,37,25,22,26,17,-17,0,-24,0,-5,78,56,90,102,72,0,0,0,104,103,89,93,91,47,195,162,170,173,372,350,871,816,913,917,1098,914,1500,1501,29991,29992,29992,29993,29994,29994,29994,1634]} 1. e4 e5 2. Nf3 Nc6 3. Bb5 a6 4. Ba4 Nf6 5. O-O d6 6. Re1 Be7 7. c3 b5 8. Bb3 Na5 9. Bc2 c5 10. d4 Qc7 11. d5 Bg4 12. Nbd2 O-O 13. h3 Bh5 14. Nf1 {C90: Spanische Partie (Abweichungen von der Hauptvariante)} (14. g4 Bg6 15. Nf1 h5 16. Nh4 Nc4 17. Ng3 hxg4 18. hxg4 Qd7 19. Nhf5 Bd8 20. Kg2 Nh7 21. Rh1 Bf6 {1-0 (30) Szelag,M (2478)-Stachowiak,S (2023) Poznan 2011}) 14... Rfc8 15. g4 Bg6 16. Ng3 {Weiß steht etwas besser.} Nb7 $146 (16... h6 $14) ({Vorgänger:} 16... b4 17. Qe2 Qb7 18. Nf5 Bf8 19. Kh1 {1-0 (19) Sulek,V (2285)-Bury,R (1915) Bratislava 1998}) 17. Bg5 (17. g5 $1 $16) 17... h6 $14 18. Be3 c4 19. g5 hxg5 20. Nxg5 Qd7 21. Qf3 Nc5 22. Kh2 a5 23. Rg1 Bf8 (23... Rab8 $11 {bleibt in der Remisbreite.}) 24. Bd1 $1 $16 {[%cal Bc2d1,Bd1g4,Bg4f5][%mdl 32]} Nh7 25. Nxh7 $1 Bxh7 26. Nh5 (26. Nf5 $16 {Droht Sh6+ und aus.} Bg6 27. Qg4) 26... Bg6 $11 27. Ng3 Be7 (27... Bh7 $11) 28. Qg2 $1 $36 {[%mdl 2048] Schwarz muss aufpassen.} Rc7 29. Bg4 Qe8 {[#]} 30. Bf5 $1 Bf8 ({Günstiger ist} 30... Nd3 $1 $14) 31. Bxc5 Rxc5 {[#]} 32. h4 $1 {[%cal Bh3h4,Bh4h5,Bh5h6,Bh6g7][%mdl 32]} Qe7 $2 (32... Qd8) 33. Qh3 $18 Rc7 $2 (33... Kh8 34. Bxg6 fxg6) 34. h5 Bxf5 35. Nxf5 Qf6 36. Rg2 b4 37. Rag1 Kh8 {[#]} 38. Rg6 $3 {[%mdl 512] Weiß setzt Matt.} Qd8 {[#]} (38... fxg6 39. hxg6+) 39. h6 $1 {[%mdl 512]} Kg8 {[#]} 40. hxg7 $1 {[%csl Gg7][%cal Rh3h8][%mdl 512]} fxg6 41. Qh8+ {Precision: Weiß = 66%, Schwarz = 28%.} 1-0

[Event "GEO chT Clubs 2017"]
[Site "Tbilisi"]
[Date "2017.11.29"]
[Round "2"]
[White "Lortkipanidze, Nodar"]
[Black "Azaladze, Shota"]
[Result "1/2-1/2"]
[WhiteElo "2225"]
[BlackElo "2464"]
[Annotator "TA"]
[PlyCount "113"]
[EventDate "2017.??.??"]
[EventCountry "GEO"]
[SourceTitle "playchess.com"]
[Source "ChessBase"]
[SourceQuality "1"]

{[%evp 19,113,-1,4,-11,13,-14,-12,-3,0,-43,-25,-42,-44,-113,-100,-216,-207,-262,-268,-272,-98,-101,-90,-77,-80,-73,-28,-35,-43,-52,-53,-54,-31,-47,-31,-26,-8,-10,0,-12,0,0,0,0,0,-112,-110,-118,-114,-225,-160,-160,-154,-137,-97,-163,-113,-154,0,-124,-116,-154,-137,-160,-145,-275,-260,-217,-109,-102,0,0,0,0,0,0,0,0,0,0,0,0,0,0,0,0,0,0,0,0,0,0,0,0,0,0]} 1. b3 c5 2. Bb2 Nc6 3. e3 Nf6 4. f4 g6 5. Nf3 Bg7 6. Be2 O-O 7. O-O d5 8. Ne5 Qc7 9. Nxc6 Qxc6 10. Bf3 Rd8 {LiveBook: 3 Games. A03: Bird's Opening with 1...d5} (10... b5 11. c4 bxc4 12. bxc4 Ba6 13. Qc2 Qb6 14. Na3 e6 15. Rab1 Qa5 16. Nb5 Bxb5 17. cxb5 Nd7 18. Bxg7 Kxg7 {½-½ (26) Zaja,I (2467)-Muha,M (2268) Krapina 2016}) 11. Be5 Ne4 $146 ({Predecessor:} 11... Ne8 12. Bxg7 Kxg7 13. Nc3 Nf6 14. Ne2 Bg4 15. Bxg4 Nxg4 16. f5 Nf6 17. d3 Rac8 {½-½ (30) Komendecki,J (2058)-Moryc,I (2100) Krakow 2001}) 12. c4 Bxe5 13. fxe5 Be6 14. Bxe4 dxe4 15. Nc3 Qc7 16. Rf4 (16. Nxe4 $15 Qxe5 17. Qf3) 16... Rd3 $1 $17 17. Rxe4 {[#]} (17. Qe2 $17 {keeps fighting.}) 17... Rad8 $1 $19 {...Rxc3! is the strong threat.} 18. Qf3 ({Much worse is} 18. Nb5 Qa5 $19) 18... Rxd2 19. Rf1 Qc6 $2 (19... R8d3 $19 {and Black stays clearly on top.} 20. Nd5 Rxd5 21. cxd5 Bxd5) 20. Rf4 $17 {[%cal Rf4f7]} Qxf3 21. R4xf3 Rc2 22. Ne4 b6 (22... Rxa2 {is interesting.} 23. Nxc5 Bc8 24. e4 b6 25. Na4 Rc2) 23. R3f2 Rxf2 24. Kxf2 $15 {[%mdl 4096] Endgame KRB-KRN} Bf5 25. Nc3 $1 Rd2+ 26. Kf3 $1 Rc2 27. Nd5 Kf8 28. e4 Bd7 (28... Bc8 {is more complex.} 29. Nc7 Rxa2 30. Rd1 Kg7 31. Rd8 Bb7) 29. Rf2 Rc1 30. Rd2 Bc6 31. Ke2 g5 {[%cal Bg6g5,Bg5h4][%mdl 32]} 32. Rd1 (32. g3 $11 {remains equal.}) 32... Rxd1 $17 33. Kxd1 {KB-KN} Ke8 34. h4 (34. e6 $17) 34... gxh4 {aiming for ...Kd7.} 35. Ke2 Bd7 36. Nf4 Bg4+ 37. Ke3 (37. Kf2 $17) 37... Kd7 $19 38. Kd3 Ke8 39. Ke3 $1 Kf8 40. Kd3 Kg7 41. Ke3 Kh6 42. Kd3 (42. Nd5 $17) 42... Kg5 43. Ke3 {[#]} Bd1 (43... Bh5 $1 $19 44. Nd5 e6) 44. Nh3+ $17 Kg4 (44... Kh6 $17 {White must now prevent ...Bc2.} 45. Nf2 Bh5) 45. Nf2+ $11 {The position is equal.} Kg3 46. Nxd1 Kxg2 {KN-KP} 47. Nf2 h3 48. Ke2 h2 49. Nh1 a5 50. a4 h6 (50... e6 $5) 51. Ke3 h5 (51... e6 $5) 52. Ke2 h4 53. Ke3 Kf1 54. Kd2 Kg2 55. Ke2 Kg1 56. Ke1 Kg2 {Hoping for ...Kf3.} 57. Ke2 {Precision: White = 61%, Black = 69%.} 1/2-1/2

[Event "GEO chT Clubs 2017"]
[Site "Tbilisi"]
[Date "2017.11.30"]
[Round "2"]
[White "Petriashvili, Nikoloz"]
[Black "Kikilashvili, Soso"]
[Result "1-0"]
[WhiteElo "2180"]
[BlackElo "1875"]
[Annotator "TA"]
[PlyCount "39"]
[EventDate "2017.??.??"]
[EventCountry "GEO"]
[SourceTitle "playchess.com"]
[Source "ChessBase"]
[SourceQuality "1"]

{[%evp 19,39,47,54,43,78,51,53,37,86,92,95,66,77,69,77,76,76,30,30,26,68,-30]} 1. e4 e6 2. d4 d5 3. Nd2 dxe4 4. Nxe4 Bd7 5. Nf3 Bc6 6. Bd3 Bxe4 7. Bxe4 c6 8. c3 Nf6 9. Bc2 Bd6 10. Qe2 {C10: French with 3 Nc3: Unusual Black 3rd moves and 3...dxe4} (10. O-O Nbd7 11. a4 O-O 12. Re1 Qc7 13. Bg5 h6 14. Bh4 Rad8 15. Qe2 c5 16. Rad1 g5 17. Bg3 Bxg3 18. hxg3 {1-0 (36) Nisipeanu,L (2661)-Mann,C (2447) Germany 2013}) 10... Nbd7 {LiveBook: 3 Games} 11. Ne5 $146 ({Predecessor:} 11. O-O Qc7 12. Re1 h6 13. Ne5 O-O 14. Bf4 Rae8 15. Rad1 {½-½ (38) Sypien,M (2250)-Dudzinski,P (2341) Szklarska Poreba 2017}) 11... Qe7 12. f4 {White is better.} O-O 13. Be3 Rfe8 14. O-O-O Nf8 15. c4 c5 16. g4 {[%cal Bg2g4,Bg4g5][%mdl 32]} Red8 17. g5 N6d7 18. h4 cxd4 $1 19. Bxd4 Rac8 20. Be3 {[%mdl 32768] Precision: White = 27%, Black = 50%. . Loss on Time!?} ({Don't play} 20. Bxa7 Bxe5 21. fxe5 b6 $15) ({White should try} 20. a3 $14) 1-0